00616nam a22001817a 4500003000500000005001700005008004100022010001000063011001000073035001000083040000900093100004100102245013900143260003700282300001900319502007000338650002600408CHAP20220329135713.0971013s1983 r 00010 d a40823 a41795 a45921 cCHAP00aFlores Sepúlveda, Gabriel Gerardo. aMétodo modificado para la obtención de monolitos de suelo a plena escala representativos del campo experimental de la F.A.V.A.N.L. aMarín, N.L. :bEl autor,c1983 a90 h.b: ilus. aTesis (Ing. Agr. Esp. en Fitotecnia) -- VANL. Fac. de Agronomía14aSuelosxNuevo León.